书目信息 |
| 题名: |
比较生理学
|
|
| 作者: | 李永材 , 黄溢明 著 | |
| 分册: | ||
| 出版信息: | 北京 高等教育出版社 1984 |
|
| 页数: | 391页 | |
| 开本: | 26cm | |
| 丛书名: | ||
| 单 册: | ||
| 中图分类: | Q495 | |
| 科图分类: | ||
| 主题词: | 比较生理学--高等学校--教材 | |
| 电子资源: | ||
| ISBN: | 13010.01022 | |
| 000 | 00727nam0 2200265 450 | |
| 001 | 012006130386 | |
| 005 | 20100713165229.0 | |
| 010 | @a13010.01022@dCNY3.85 | |
| 091 | @a13010.01022@dCNY4.35 | |
| 100 | @a20060316d1984 em y0chiy0120 ea | |
| 101 | 0 | @achi |
| 102 | @aCN@b110000 | |
| 105 | @aa a 000yy | |
| 106 | @ar | |
| 200 | 1 | @a比较生理学@9Bi Jiao Sheng Li Xue @f李永材, 黄溢明著 |
| 210 | @a北京@c高等教育出版社@d1984 | |
| 215 | @a391页@c图@d26cm | |
| 300 | @a高等学校试用教材 | |
| 320 | @a有书目 | |
| 606 | 0 | @a比较生理学@x高等学校@j教材 |
| 690 | @aQ495@v4 | |
| 701 | 0 | @a李永材@9li yong cai@4著 |
| 701 | 0 | @a黄溢明@9huang yi ming@4著 |
| 801 | 0 | @aCN@bAzMarc@c20130904 |
| 905 | @aBZT@dQ495@e1@f1@sQ495/1 | |
| 比较生理学/李永材, 黄溢明著.-北京:高等教育出版社,1984 |
| 391页:图;26cm |
| 高等学校试用教材 |
| ISBN 13010.01022:CNY3.85 |
| ● |
| 相关链接 |
|
|
|
正题名:比较生理学
索取号:Q495/1
 
预约/预借
| 序号 | 登录号 | 条形码 | 馆藏地/架位号 | 状态 | 备注 |
| 1 | 2000110260 | 2000110260 | 旧书回溯/ [索取号:Q495/1] | 在馆 |